00523nam a2200181 a 4500001001000000005001700010008004100027041000800068044000800076050002100084100001800105245006800123260003100191300005600222500000900278650001800287650003600305BRCA_366820190320204356.0010909s1959----enka---###---#000-0#eng-# aeng aenk 4aN1080b.A44 19591 aAlley, Ronald10aThe foreign paintings, drawings and sculpturecby Ronald Alley. aLondonbTate Galleryc1959 a295 p.bil., 56 láminas (algunas a color)c32 cm. aB32114aArtezLondres14aGalerías y museoszInglaterra